000 00879nam a2200277 i 4500
003 DO-SdBNP
005 20260316141224.0
007 ta
008 250609s2005 dr a 000 0 spa d
040 _aDO-SdBNP
_bspa
_cBNPHU
_erda
041 _aspa
082 4 _a331.12
_bM553t 2004
_222
110 2 _aBanco Central de la República Dominicana
_983405
245 1 0 _aMercado de trabajo 2004 /
264 1 _aSanto Domingo :
_bBanco Central de la República Dominicana,
_c2005?.
300 _a160 páginas ;
_c21 cm.
336 _atexto
_btxt
_2rdacontent
337 _asin mediación
_bn
_2rdamedia
338 _avolumen
_bnc
_2rdacarrier
590 _aInventariado, 2025/ YL
650 4 _aMercado de trabajo
_zRepública Dominicana
_919058
650 4 _aMercado de trabajo
_zRepública Dominicana
_919058
650 4 _aEmpleo
_964598
910 _aYLockward
942 _2ddc
_cLBS1
999 _c59176
_d59176